Quick Pick: Religious Movements in Judaism Quiz Stats

 Plays Quiz Updated Oct 28, 2018

Score 0/13 Timer 01:00
0 Plays Today
% Correct
Orthodox
91.8%
Hasidic
88.8%
Rabbinic
85.7%
Reform
84.7%
Conservative
83.1%
Sephardic
81.3%
Reconstructionist
71.1%
Humanistic
62.6%
Jewish Science
57.2%
Haymanot
53.2%
Renewal
51.9%
Karaite
51%
Neolog
28.7%

Today's Daily Dose

Missing Word
1940s A-Z

Quick Pick
'S' Athletes

Get the Picture
Depp or Bonham Carter

You're not logged in!

Compare scores with friends on all Sporcle quizzes.
OR
Log In

Sporcle TV

Today on Sporcle TV


Watch our educational content, quiz creation guides, and fun videos on Sporcle TV.

Show Comments

Extras

Top Quizzes Today


Score Distribution

Your Account Isn't Verified!

In order to create a playlist on Sporcle, you need to verify the email address you used during registration. Go to your Sporcle Settings to finish the process.

Report this User

Report this user for behavior that violates our Community Guidelines.

Details: